INTRODUCTION TO PHARMACEUTICS II (Record no. 8143)

MARC details
000 -LEADER
fixed length control field 00335nam a22001577a 4500
003 - CONTROL NUMBER IDENTIFIER
control field SGT
020 ## - INTERNATIONAL STANDARD BOOK NUMBER
International Standard Book Number 81-239-0339-1
082 ## - DEWEY DECIMAL CLASSIFICATION NUMBER
Classification number 615.19, I15G
100 ## - MAIN ENTRY--PERSONAL NAME
Personal name GUPTA, AK
245 ## - TITLE STATEMENT
Title INTRODUCTION TO PHARMACEUTICS II
250 ## - EDITION STATEMENT
Edition statement 4TH
260 ## - PUBLICATION, DISTRIBUTION, ETC. (IMPRINT)
Place of publication, distribution, etc DELHI
Name of publisher, distributor, etc CBS
Year of Publication 2015
300 ## - PAGE DESCRIPTION
No. of Pages 295
650 ## - SUBJECT ADDED ENTRY--TOPICAL TERM
Topical term or geographic name as entry element PHARMACEUTICS
942 ## - ADDED ENTRY ELEMENTS (KOHA)
Source of classification or shelving scheme Dewey Decimal Classification
Koha item type Books
942 ## - ADDED ENTRY ELEMENTS (KOHA)
-- 66
Holdings
Withdrawn status Lost status Source of classification or shelving scheme Damaged status Not for loan Collection code Home library Current library Shelving location Date acquired Vendor Name Cost, normal purchase price Volume Information (Serial or Books or Non-Book Material) SGTU Bill Number Total Checkouts Full call number Accession No. (Barcode) Date last seen Date last borrowed Bill Date Koha item type Total Renewals
  Lost and Paid For Dewey Decimal Classification     PHARMACY SGT FA-FP Library SGT FA-FP Library Text Book 10/12/2015 AHUJA BOOK COMPNY 195.00 II SGTU 6162 21 615.19, I15G FP1536 13/02/2020 17/11/2017 06/10/2015 Books  
    Dewey Decimal Classification     PHARMACY SGT FA-FP Library SGT FA-FP Library Text Book 10/12/2015 AHUJA BOOK COMPNY 195.00 II SGTU 6162 29 615.19, I15G FP1537 28/05/2025 26/05/2025 06/10/2015 Books 2
    Dewey Decimal Classification     PHARMACY SGT FA-FP Library SGT FA-FP Library Text Book 10/12/2015 AHUJA BOOK COMPNY 195.00 II SGTU 6162 30 615.19, I15G FP1538 07/07/2025 05/12/2024 06/10/2015 Books  
    Dewey Decimal Classification     PHARMACY SGT FA-FP Library SGT FA-FP Library Text Book 10/12/2015 AHUJA BOOK COMPNY 195.00 II SGTU 6162 37 615.19, I15G FP1539 28/05/2025 13/05/2025 06/10/2015 Books  
    Dewey Decimal Classification     PHARMACY SGT FA-FP Library SGT FA-FP Library Text Book 10/12/2015 AHUJA BOOK COMPNY 195.00 II SGTU 6162 35 615.19, I15G FP1540 03/02/2026 14/01/2026 06/10/2015 Books  
    Dewey Decimal Classification     PHARMACY SGT FA-FP Library SGT FA-FP Library Text Book 10/12/2015 AHUJA BOOK COMPNY 195.00 II SGTU 6162 31 615.19, I15G FP1541 17/01/2025 10/01/2025 06/10/2015 Books 1
    Dewey Decimal Classification     PHARMACY SGT FA-FP Library SGT FA-FP Library Text Book 10/12/2015 AHUJA BOOK COMPNY 195.00 II SGTU 6162 22 615.19, I15G FP1542 18/03/2026 16/03/2026 06/10/2015 Books  
    Dewey Decimal Classification     PHARMACY SGT FA-FP Library SGT FA-FP Library Text Book 10/12/2015 AHUJA BOOK COMPNY 195.00 II SGTU 6162 26 615.19, I15G FP1543 11/09/2025 04/09/2025 06/10/2015 Books  
    Dewey Decimal Classification     PHARMACY SGT FA-FP Library SGT FA-FP Library Text Book 10/12/2015 AHUJA BOOK COMPNY 195.00 II SGTU 6162 25 615.19, I15G FP1544 30/09/2024 30/09/2024 06/10/2015 Books  
    Dewey Decimal Classification     PHARMACY SGT FA-FP Library SGT FA-FP Library Text Book 10/12/2015 AHUJA BOOK COMPNY 195.00 II SGTU 6162 32 615.19, I15G FP1545 01/03/2024 23/02/2024 06/10/2015 Books 1